Statistiken für Länder, die im Skisprung-Nations Cup 2022/23 (Herren) vertreten waren

Klicken Sie hier um das Quiz zu spielen!

Allgemein

  • Dieses Quiz wurde 112 mal gespielt
  • Das Durchschnittsergebnis liegt bei 16 aus 19

Antwortstatistiken

HintAntwort% Korrekt
4096Deutschland
100%
5068Norwegen
100%
6162Österreich
99%
1733Japan
96%
4396Polen
96%
564Schweiz
96%
435Finnland
95%
299Vereinigte Staaten
95%
4669Slowenien
94%
395Italien
93%
35Kanada
93%
72Tschechien
90%
0China
83%
28Ukraine
79%
51Estland
77%
63Bulgarien
68%
12Kasachstan
64%
16Türkei
59%
57Rumänien
58%

Verteilung der Resultate

Perzentil nach korrekt beantworteten Fragen

Anzahl Personen mit jedem Resultat

Ihre Resultats-Entwicklung

Sie haben dieses Quiz noch nicht gespielt